000 01253nam a2200361 c 4500
999 _c49574
_d49574
001 49574
003 ES-MaCES
005 20170627125819.0
008 170627s2017 sp 000 | spa d
017 _aM 13411-2017
_bDL
020 _a9788417009212
040 _aES-MaCES
_bspa
_cES-MaCES
245 0 0 _aLey de la jurisdicción social
_b: esquemas procesales y 338 cuestiones prácticas
_ccoord. y pr., Concepción Morales Vállez
260 _aLas Rozas (Madrid)
_bSepin
_c[2017]
300 _a250 p.
_c27 cm
541 _cCompra
610 1 4 _aEspaña
_tLey reguladora de la jurisdicción social
_d2011
_93199
650 4 _alegislación del trabajo
_927166
650 4 _alegislación de seguridad social
_929855
650 4 _aprocedimiento laboral
_930887
650 4 _aderecho del trabajo
_927165
650 4 _asentencia judicial
_929888
650 4 _adoctrina jurídica
_930888
650 4 _aEspaña
_926964
650 4 _a2011
_931999
650 4 _atexto
_929624
650 4 _acomentario
_928971
653 1 0 _aDerecho del trabajo y Seguridad Social
700 1 _aMorales Vállez, Concepción
_938313
710 1 _aEspaña
_tLey reguladora de la jurisdicción social
_d2011
_93199
902 _aLIB Libro
942 _2CES
_cBK
_h6.0.1.